01329njm a2200289Ia 450000100060000000300090000600500170001500800410003204000130007304000130008610000200009910000180011910000380013724500500017525000110022526000110023626000730024730000170032030000290033750000160036650501500038251101280053251102270066051100400088765000480092770000640097540493IT-RoPAU20220918181127.0131025s9999 xx 000 0 und d aIT-RoPAU cIT-RoPAU aBraxton Anthony eAutore musica gCodice autore musica SPICS: 16334 aJazz. Gli uomini, gli strumenti, gli stili 87 a2a ed. aMILANO bFRATELLI FABBRI EDITORIc1987 [1a Ed.:1971 - Ed. Lingua Orig.: 1971] aMUSICASSETTA c47 minuti (Testo: pag.) aMusica jazz aQuartet Ballad [(1971) (17:00)] - Five Tubas [(1971) (9:00)] - Be Bop [(1971) (5:00)] - Up Thing [(1971) (4:00)] - Contrebasse [(1971) (4:00)] -  aBraxton Anthony: alto, ss, cl, cl basso, fl, cb; Wheeler Kenny: tr, flic; Holland Dave: cb, Cello Altschul: percus, campane aAdams Geoffrey: tuba in mib; Anderson James: tuba in mib; Barnes Michael: tuba in mib; Fletcher John: tuba in mib; Lawrence Paul: tuba in do; Braxton Anthony: compositore, arrangiatore e direttore; The London Tuba Ensemble aBraxton Anthony: ss; Corea Chick: p aJAZZ [CASSETTE]eCodice MATERIA SPICS: 9951 aBraxton AnthonygCodice interprete SPICS: 16334eInterprete